000 00927nam a2200301 a 4500
001 000108226
003 CHAP
005 20220329144004.0
008 131220s2012 flua |r| |||1|||eng|d
010 _a104688
011 _a105660
020 _a0881736813
040 _cCHAP
082 0 4 _a621.47
_bM16
100 1 _aMcMordie, Robert K.
_9125161
245 1 0 _aSolar energy fundamentals /
_cpor Robert K. McMordie; editado por Mitchel C. Brown y Robert S. Stoughton.
260 3 _aBoca Raton, Fl. :
_bTaylor & Francis Ltd.,
_c2012.
300 _axv, 200 p.
_e+ CD (4 3/4 plg)
590 _aE11695DGD
_b10
_c20131220
_lUCH01
_h1150
590 _aE11695DGD
_b10
_c20131220
_lUCH01
_h1152
590 _aE792CSJ
_b05
_c20131220
_lUCH01
_h1108
650 1 4 _aEnergĂ­a solar.
_936911
700 1 _aBrown, Mitchel C.
_eed.
_9125162
700 1 _aStoughton, Robert S.
_eed.
_9125163
901 _aBK
942 _cLIBRO
942 _n0
999 _c104688
_d104688